| 000 | 00943nam a22003617a 4500 | ||
|---|---|---|---|
| 001 | BR9301212 | ||
| 003 | BR-BrBNA | ||
| 005 | 20230928093836.0 | ||
| 007 | ta | ||
| 008 | 230509b bl.||||| |||| 00| 0 por d | ||
| 040 |
_aBR-BrBNA _bpor _cBiblioteca Nacional de Agricultura |
||
| 041 | _a(Por) | ||
| 072 | _aF01; F04; F30 | ||
| 090 | _ F01 BR9301212 | ||
| 110 | 1 | _aCooperativa Agro-Pecuaria Batavo Ltda., Castro, PR (Brasil) | |
| 245 | 1 | _aRelatorio safra de verao 1988-1989 DAT Agricola | |
| 260 | 3 |
_aCastro, PR (Brasil): _c[nd]. |
|
| 300 | _a136 p. | ||
| 500 | _a44 illus.; Published after 1989 | ||
| 650 | _aSoja | ||
| 650 | _aMilho | ||
| 650 | _aSorgo | ||
| 650 | _aFeijao | ||
| 650 | _aArroz | ||
| 650 | _aSemente | ||
| 650 | _aTrigo | ||
| 650 | _aPratica Cultural | ||
| 650 | _aHerbicida | ||
| 650 | _aAdubacao | ||
| 650 | _aComportamento de Variedade | ||
| 909 |
_a202309 _bLucia _c55 _dLucia Elande |
||
| 942 | _cBK | ||
| 999 |
_c47439 _d47439 |
||